[Event "EYTCC-G"]
[Site "?"]
[Date "2017.08.22"]
[Round "6.16"]
[White "Moscicka, Pola"]
[Black "Buchta, Agnieszka"]
[Result "1/2-1/2"]
[BlackElo "1720"]
[WhiteElo "1869"]
[LiveChessVersion "1.4.6"]

1. Nf3 {[%clk 1:30:54]} Nf6 {[%clk 1:30:28]} 2. g3 {[%clk 1:31:14]} g6
{[%clk 1:30:09]} 3. Bg2 {[%clk 1:30:12]} Bg7 {[%clk 1:30:16]} 4. O-O
{[%clk 1:30:10]} d5 {[%clk 1:29:12]} 5. d3 {[%clk 1:29:03]} O-O {[%clk 1:28:44]}
6. Nbd2 {[%clk 1:27:58]} Nbd7 {[%clk 1:15:24]} 7. e4 {[%clk 1:23:35]} dxe4
{[%clk 1:09:34]} 8. dxe4 {[%clk 1:23:18]} e5 {[%clk 1:09:44]} 9. b3
{[%clk 1:18:40]} b6 {[%clk 1:08:56]} 10. Bb2 {[%clk 1:12:07]} Re8
{[%clk 1:07:43]} 11. Qe2 {[%clk 1:07:20]} Bb7 {[%clk 1:07:06]} 12. Rfd1
{[%clk 1:03:02]} Qe7 {[%clk 1:04:51]} 13. a4 {[%clk 0:57:58]} a5 {[%clk 1:02:01]}
14. Ba3 {[%clk 0:48:46]} Qe6 {[%clk 0:55:54]} 15. Ne1 {[%clk 0:45:03]} Rad8
{[%clk 0:53:11]} 16. h3 {[%clk 0:38:55]} Nb8 {[%clk 0:49:57]} 17. Qe3
{[%clk 0:33:53]} Nc6 {[%clk 0:48:33]} 18. c3 {[%clk 0:33:36]} Ba6
{[%clk 0:42:21]} 19. Rac1 {[%clk 0:32:38]} Rd7 {[%clk 0:34:28]} 20. b4
{[%clk 0:24:10]} axb4 {[%clk 0:31:18]} 21. cxb4 {[%clk 0:24:12]} Nd4
{[%clk 0:31:14]} 22. b5 {[%clk 0:23:02]} Bb7 {[%clk 0:30:53]} 23. Nc4
{[%clk 0:18:22]} Ra8 {[%clk 0:24:16]} 24. Nd3 {[%clk 0:11:57]} Ne8
{[%clk 0:22:14]} 25. a5 {[%clk 0:08:44]} Nb3 {[%clk 0:17:35]} 26. Ndxe5
{[%clk 0:06:06]} Rxd1+ {[%clk 0:08:53]} 27. Rxd1 {[%clk 0:06:27]} Nxa5
{[%clk 0:08:58]} 28. Nxa5 {[%clk 0:04:10]} Rxa5 {[%clk 0:09:08]} 29. Nc6
{[%clk 0:03:40]} Bxc6 {[%clk 0:05:24]} 30. bxc6 {[%clk 0:04:07]} Qxc6
{[%clk 0:04:23]} 1/2-1/2

[Event "EYTCC-G"]
[Site "?"]
[Date "2017.08.22"]
[Round "6.17"]
[White "Sucikova, Svetlana"]
[Black "Kozubal, Aleksandra"]
[Result "1-0"]
[BlackElo "1733"]
[WhiteElo "2015"]
[LiveChessVersion "1.4.6"]

1. c4 {[%clk 1:30:15]} e5 {[%clk 1:30:40]} 2. g3 {[%clk 1:29:59]} c6
{[%clk 1:30:36]} 3. Bg2 {[%clk 1:29:34]} Nf6 {[%clk 1:30:07]} 4. Nc3
{[%clk 1:28:24]} d5 {[%clk 1:26:19]} 5. b3 {[%clk 1:19:40]} Be6 {[%clk 1:19:35]}
6. cxd5 {[%clk 1:17:26]} cxd5 {[%clk 1:19:40]} 7. e3 {[%clk 1:16:52]} Nc6
{[%clk 1:17:21]} 8. d4 {[%clk 1:12:28]} Bb4 {[%clk 1:15:38]} 9. Nge2
{[%clk 1:11:34]} e4 {[%clk 1:14:45]} 10. a3 {[%clk 1:09:43]} Be7 {[%clk 1:08:20]}
11. Nf4 {[%clk 1:06:57]} Bf5 {[%clk 1:01:30]} 12. O-O {[%clk 1:04:41]} Qd7
{[%clk 0:51:15]} 13. Na4 {[%clk 1:00:45]} g5 {[%clk 0:44:13]} 14. Ne2
{[%clk 0:59:41]} h5 {[%clk 0:43:31]} 15. Nc5 {[%clk 0:58:45]} Qc8
{[%clk 0:41:08]} 16. f4 {[%clk 0:57:25]} g4 {[%clk 0:34:24]} 17. Bd2
{[%clk 0:53:59]} h4 {[%clk 0:31:12]} 18. Re1 {[%clk 0:54:18]} Nh5
{[%clk 0:29:10]} 19. Kf2 {[%clk 0:53:38]} b6 {[%clk 0:27:44]} 20. Na4
{[%clk 0:52:46]} Qe6 {[%clk 0:27:59]} 21. b4 {[%clk 0:52:09]} Qh6
{[%clk 0:26:14]} 22. Qb3 {[%clk 0:48:51]} Rd8 {[%clk 0:20:09]} 23. Rac1
{[%clk 0:48:14]} Bc8 {[%clk 0:13:52]} 24. b5 {[%clk 0:46:38]} Nb8
{[%clk 0:13:25]} 25. Rc7 {[%clk 0:46:24]} a6 {[%clk 0:10:33]} 26. Rec1
{[%clk 0:44:49]} Qe6 {[%clk 0:07:18]} 27. Nxb6 {[%clk 0:33:30]} Qxb6
{[%clk 0:06:56]} 28. Rxc8 {[%clk 0:33:53]} Qxb5 {[%clk 0:06:29]} 29. Qxb5+
{[%clk 0:34:11]} axb5 {[%clk 0:06:56]} 30. Ba5 Nd7 31. Bxd8 {[%clk 0:34:20]} Bxd8
{[%clk 0:04:46]} 32. Rb1 Nb6 33. Rb8 {[%clk 0:33:01]} Nf6 {[%clk 0:02:52]} 34.
Rxb5 {[%clk 0:32:39]} Nfd7 {[%clk 0:03:10]} 35. Rb7 {[%clk 0:32:38]} Rh6
{[%clk 0:02:37]} 36. a4 {[%clk 0:30:34]} Rd6 {[%clk 0:01:57]} 37. a5
{[%clk 0:29:21]} Nc4 {[%clk 0:01:45]} 38. a6 {[%clk 0:29:25]} Na5
{[%clk 0:01:22]} 39. Rxa5 {[%clk 0:25:52]} Bxa5 {[%clk 0:01:40]} 40. a7
{[%clk 0:56:17]} Ra6 {[%clk 0:30:37]} 41. Rb8+ {[%clk 0:56:41]} Ke7
{[%clk 0:28:01]} 42. a8=Q {[%clk 0:56:48]} Rxa8 {[%clk 0:28:21]} 43. Rxa8
{[%clk 0:57:10]} 1-0

[Event "EYTCC-G"]
[Site "?"]
[Date "2017.08.22"]
[Round "6.18"]
[White "Krzysztynska, Anna"]
[Black "Vrtiakova, Anna"]
[Result "1-0"]
[BlackElo "1971"]
[WhiteElo "1717"]
[LiveChessVersion "1.4.6"]

1. e4 {[%clk 1:30:55]} c5 {[%clk 1:30:53]} 2. c3 {[%clk 1:31:12]} d5
{[%clk 1:31:15]} 3. exd5 {[%clk 1:31:25]} Qxd5 {[%clk 1:31:37]} 4. d4
{[%clk 1:31:44]} g6 {[%clk 1:31:43]} 5. Nf3 {[%clk 1:31:23]} Bg7 {[%clk 1:32:03]}
6. Be2 {[%clk 1:30:34]} Nf6 {[%clk 1:30:18]} 7. O-O {[%clk 1:30:01]} O-O
{[%clk 1:30:18]} 8. Bf4 {[%clk 1:26:01]} Nc6 {[%clk 1:25:09]} 9. Re1
{[%clk 1:19:43]} a6 {[%clk 1:18:30]} 10. Na3 {[%clk 1:11:51]} cxd4
{[%clk 1:11:23]} 11. cxd4 {[%clk 1:07:39]} b5 {[%clk 1:01:10]} 12. Nc2
{[%clk 0:58:00]} Bb7 {[%clk 0:55:52]} 13. Ne3 {[%clk 0:50:35]} Qd8
{[%clk 0:54:05]} 14. a4 {[%clk 0:30:10]} b4 {[%clk 0:49:47]} 15. Nc4
{[%clk 0:24:57]} Na5 {[%clk 0:40:15]} 16. Rc1 {[%clk 0:20:35]} Rc8
{[%clk 0:32:03]} 17. Nfe5 {[%clk 0:17:17]} Nd5 {[%clk 0:28:24]} 18. Bg3
{[%clk 0:15:27]} Bh6 {[%clk 0:25:57]} 19. Rb1 {[%clk 0:13:21]} Nf6
{[%clk 0:13:45]} 20. Bh4 {[%clk 0:08:55]} Nxc4 {[%clk 0:05:46]} 21. Bxc4
{[%clk 0:07:56]} a5 {[%clk 0:04:57]} 22. Qd3 {[%clk 0:05:56]} Nd5
{[%clk 0:04:00]} 23. Ng4 {[%clk 0:02:33]} Bg7 {[%clk 0:03:13]} 24. Ne5
{[%clk 0:02:34]} Nf4 {[%clk 0:02:24]} 25. Qb3 {[%clk 0:01:38]} Rxc4
{[%clk 0:01:04]} 26. Qxc4 {[%clk 0:01:34]} Bd5 {[%clk 0:01:00]} 27. Qc5
{[%clk 0:01:24]} Nxg2 {[%clk 0:00:36]} 28. Bxe7 {[%clk 0:01:34]} Qa8
{[%clk 0:00:56]} 29. Bxf8 {[%clk 0:00:56]} Bxf8 {[%clk 0:01:20]} 30. Qc7
{[%clk 0:00:54]} Nf4 {[%clk 0:00:40]} 31. Re3 {[%clk 0:00:51]} Be6
{[%clk 0:00:50]} 32. Rf3 {[%clk 0:00:41]} Nh3+ {[%clk 0:00:39]} 33. Rxh3
{[%clk 0:00:48]} Bxh3 {[%clk 0:01:02]} 34. Qxf7+ {[%clk 0:01:13]} Kh8
{[%clk 0:01:27]} 35. Qf6+ {[%clk 0:01:20]} Kg8 {[%clk 0:01:00]} 36. Qf3
{[%clk 0:01:12]} Qc8 {[%clk 0:00:48]} 37. Re1 {[%clk 0:00:59]} Bf5
{[%clk 0:00:43]} 38. Qc6 {[%clk 0:01:00]} Qd8 {[%clk 0:00:53]} 39. Qc4+
{[%clk 0:00:50]} Kg7 {[%clk 0:00:47]} 40. Nf3 {[%clk 0:30:53]} Bd6
{[%clk 0:30:39]} 41. d5 {[%clk 0:26:09]} h5 {[%clk 0:20:55]} 42. Qd4+
{[%clk 0:21:56]} Kg8 {[%clk 0:20:54]} 43. Qe3 {[%clk 0:20:26]} Qf6
{[%clk 0:17:20]} 44. Ng5 {[%clk 0:17:12]} Bf8 {[%clk 0:12:07]} 45. b3
{[%clk 0:14:12]} Bd7 {[%clk 0:09:44]} 46. h4 {[%clk 0:11:50]} Bf5
{[%clk 0:05:34]} 47. Qa7 {[%clk 0:10:28]} Qg7 {[%clk 0:02:32]} 48. Qxg7+
{[%clk 0:10:15]} Kxg7 {[%clk 0:02:50]} 49. Ne6+ {[%clk 0:10:17]} Kf7
{[%clk 0:02:49]} 50. Nxf8 {[%clk 0:10:29]} Kxf8 {[%clk 0:03:14]} 51. d6
{[%clk 0:10:52]} Kf7 {[%clk 0:02:38]} 52. f4 {[%clk 0:10:46]} Be6
{[%clk 0:02:43]} 53. Kf2 {[%clk 0:10:38]} Kf6 {[%clk 0:02:22]} 54. Re3
{[%clk 0:09:42]} Kf7 {[%clk 0:02:14]} 55. Ke2 {[%clk 0:09:11]} Bg4+
{[%clk 0:02:26]} 56. Kd3 {[%clk 0:09:29]} Be6 {[%clk 0:02:41]} 57. Ke4 1-0

[Event "EYTCC-G"]
[Site "?"]
[Date "2017.08.23"]
[Round "7.1"]
[White "Kiolbasa, Oliwia"]
[Black "Narva, Mai"]
[Result "1/2-1/2"]
[BlackElo "2210"]
[WhiteElo "2241"]
[LiveChessVersion "1.4.6"]

1. e4 {[%clk 1:30:57]} c5 {[%clk 1:30:51]} 2. Nf3 {[%clk 1:31:18]} Nc6
{[%clk 1:31:10]} 3. d4 {[%clk 1:31:38]} cxd4 {[%clk 1:31:32]} 4. Nxd4
{[%clk 1:32:02]} Nf6 {[%clk 1:31:52]} 5. Nc3 {[%clk 1:32:22]} d6 {[%clk 1:32:13]}
6. Bg5 {[%clk 1:32:40]} e6 {[%clk 1:32:34]} 7. Qd2 {[%clk 1:32:45]} a6
{[%clk 1:32:51]} 8. O-O-O {[%clk 1:32:41]} Bd7 {[%clk 1:33:09]} 9. f4
{[%clk 1:32:15]} b5 {[%clk 1:33:23]} 10. Bxf6 {[%clk 1:31:37]} gxf6
{[%clk 1:33:41]} 11. Kb1 {[%clk 1:31:28]} Qb6 {[%clk 1:33:49]} 12. Nxc6
{[%clk 1:31:19]} Bxc6 {[%clk 1:34:10]} 13. f5 {[%clk 1:31:33]} b4
{[%clk 1:34:10]} 14. Ne2 {[%clk 1:31:53]} e5 {[%clk 1:34:17]} 15. Ng3
{[%clk 1:32:03]} h5 {[%clk 1:34:30]} 16. Bc4 {[%clk 1:32:06]} Qc5
{[%clk 1:16:45]} 17. Qe2 {[%clk 1:30:31]} a5 {[%clk 1:13:34]} 18. b3
{[%clk 1:03:42]} a4 {[%clk 0:55:11]} 19. Nxh5 {[%clk 0:57:20]} Ke7
{[%clk 0:55:16]} 20. g4 {[%clk 0:53:06]} Bh6 {[%clk 0:50:19]} 21. Rhe1
{[%clk 0:47:59]} Bg5 {[%clk 0:46:55]} 22. Qd3 {[%clk 0:34:45]} Ra5
{[%clk 0:29:30]} 23. Qg3 {[%clk 0:28:49]} axb3 {[%clk 0:24:14]} 24. Bxb3
{[%clk 0:28:41]} Rha8 {[%clk 0:23:28]} 25. Re2 {[%clk 0:17:45]} Ba4
{[%clk 0:01:42]} 26. Qe1 {[%clk 0:06:50]} Bxb3 {[%clk 0:00:55]} 27. cxb3
{[%clk 0:07:13]} Ra3 {[%clk 0:00:40]} 28. Rb2 {[%clk 0:02:40]} Be3
{[%clk 0:00:36]} 29. Rd5 {[%clk 0:00:57]} Qb6 {[%clk 0:00:47]} 30. Qd1
{[%clk 0:00:33]} Bd4 {[%clk 0:00:47]} 31. Rd2 {[%clk 0:00:33]} Qa7
{[%clk 0:00:34]} 32. Qc2 {[%clk 0:00:43]} Qb7 {[%clk 0:00:35]} 33. Qc4
{[%clk 0:00:39]} Rc8 {[%clk 0:00:34]} 34. Qf1 {[%clk 0:00:37]} Qc6
{[%clk 0:00:34]} 35. Nf4 {[%clk 0:00:35]} exf4 {[%clk 0:00:33]} 36. R5xd4
{[%clk 0:00:54]} Qc3 {[%clk 0:00:40]} 37. R4d3 {[%clk 0:00:51]} Qe5
{[%clk 0:00:44]} 38. Qe1 {[%clk 0:00:44]} Rc6 {[%clk 0:00:47]} 39. Rd4
{[%clk 0:00:39]} Qb5 {[%clk 0:00:34]} 40. Rd5 {[%clk 0:30:37]} Qb6
{[%clk 0:30:39]} 41. g5 {[%clk 0:19:57]} fxg5 {[%clk 0:22:56]} 42. e5
{[%clk 0:16:14]} Qe3 {[%clk 0:19:32]} 43. exd6+ {[%clk 0:16:16]} Kd7
{[%clk 0:19:20]} 44. Re2 {[%clk 0:06:52]} Rxb3+ {[%clk 0:07:36]} 45. axb3
{[%clk 0:07:16]} Qxb3+ {[%clk 0:07:59]} 46. Rb2 {[%clk 0:07:41]} Qxd5
{[%clk 0:08:19]} 47. Qe7+ {[%clk 0:08:08]} Kc8 {[%clk 0:08:41]} 48. Qe8+
{[%clk 0:08:13]} Kb7 {[%clk 0:09:03]} 49. Rxb4+ {[%clk 0:02:53]} Rb6
{[%clk 0:09:19]} 50. Qd7+ {[%clk 0:03:12]} Ka6 {[%clk 0:09:34]} 51. Qa4+
{[%clk 0:03:37]} Kb7 {[%clk 0:09:52]} 52. Qd7+ {[%clk 0:03:39]} Ka6
{[%clk 0:10:15]} 53. Rxb6+ {[%clk 0:03:37]} Kxb6 {[%clk 0:10:38]} 54. Qc7+
{[%clk 0:04:03]} Kb5 {[%clk 0:09:40]} 55. d7 {[%clk 0:03:59]} Qd1+
{[%clk 0:09:53]} 56. Kb2 {[%clk 0:04:15]} Qd2+ {[%clk 0:10:09]} 57. Kb3
{[%clk 0:04:11]} Qd3+ {[%clk 0:10:19]} 58. Kb2 {[%clk 0:04:37]} Qd2+
{[%clk 0:10:43]} 59. Kb3 {[%clk 0:05:04]} Qd3+ {[%clk 0:11:06]} 60. Kb2
{[%clk 0:05:30]} Qd2+ {[%clk 0:11:30]} 1/2-1/2

[Event "EYTCC-G"]
[Site "?"]
[Date "2017.08.23"]
[Round "7.2"]
[White "Olde, Margareth"]
[Black "Kubicka, Anna"]
[Result "1-0"]
[BlackElo "2226"]
[WhiteElo "2122"]
[LiveChessVersion "1.4.6"]

1. d4 {[%clk 1:30:57]} Nf6 {[%clk 1:30:49]} 2. c4 {[%clk 1:31:22]} g6
{[%clk 1:30:59]} 3. Nc3 {[%clk 1:31:43]} Bg7 {[%clk 1:31:16]} 4. Nf3
{[%clk 1:32:04]} d6 {[%clk 1:31:23]} 5. e4 {[%clk 1:32:28]} O-O {[%clk 1:31:46]}
6. h3 {[%clk 1:32:52]} Na6 {[%clk 1:31:26]} 7. Be3 {[%clk 1:33:13]} e5
{[%clk 1:30:24]} 8. d5 {[%clk 1:33:37]} Nh5 {[%clk 1:28:58]} 9. g3
{[%clk 1:33:45]} Qe8 {[%clk 1:26:33]} 10. Be2 {[%clk 1:33:37]} f5
{[%clk 1:25:21]} 11. exf5 {[%clk 1:33:54]} gxf5 {[%clk 1:25:49]} 12. Nh4
{[%clk 1:33:51]} Nf6 {[%clk 1:25:39]} 13. Qd2 {[%clk 1:33:39]} f4
{[%clk 1:22:54]} 14. gxf4 {[%clk 1:33:54]} exf4 {[%clk 1:23:12]} 15. Bd4
{[%clk 1:33:43]} c5 {[%clk 0:58:14]} 16. dxc6 {[%clk 1:30:09]} bxc6
{[%clk 0:58:42]} 17. O-O-O {[%clk 1:28:32]} c5 {[%clk 0:34:08]} 18. Bxf6
{[%clk 1:28:54]} Rxf6 {[%clk 0:34:11]} 19. Rhg1 {[%clk 1:10:17]} Rb8
{[%clk 0:19:01]} 20. Bf3 {[%clk 0:45:04]} Bb7 {[%clk 0:08:59]} 21. Rde1
{[%clk 0:37:37]} Qf7 {[%clk 0:07:30]} 22. Nd5 {[%clk 0:31:08]} Re6
{[%clk 0:07:28]} 23. Rxe6 {[%clk 0:26:51]} Qxe6 {[%clk 0:07:53]} 24. Qc3
{[%clk 0:25:35]} Qe5 {[%clk 0:01:22]} 25. Qxe5 {[%clk 0:25:31]} dxe5
{[%clk 0:01:49]} 26. Nf5 {[%clk 0:25:55]} 1-0

[Event "EYTCC-G"]
[Site "?"]
[Date "2017.08.23"]
[Round "7.3"]
[White "Unuk, Laura"]
[Black "Rozman, Monika"]
[Result "1/2-1/2"]
[BlackElo "2082"]
[WhiteElo "2343"]
[LiveChessVersion "1.4.6"]

1. d4 {[%clk 1:30:55]} Nf6 {[%clk 1:30:55]} 2. Nf3 {[%clk 1:30:24]} g6
{[%clk 1:31:15]} 3. Bg5 {[%clk 1:30:32]} Bg7 {[%clk 1:30:25]} 4. Nbd2
{[%clk 1:30:57]} d5 {[%clk 1:28:53]} 5. e3 {[%clk 1:31:16]} O-O {[%clk 1:27:56]}
6. c3 {[%clk 1:31:00]} Re8 {[%clk 1:27:23]} 7. Be2 {[%clk 1:31:05]} Nbd7
{[%clk 1:26:43]} 8. O-O {[%clk 1:31:22]} Ne4 {[%clk 1:14:23]} 9. Nxe4
{[%clk 1:30:03]} dxe4 {[%clk 1:14:48]} 10. Nd2 {[%clk 1:30:20]} h6
{[%clk 1:14:49]} 11. Bh4 {[%clk 1:30:14]} f5 {[%clk 1:14:27]} 12. f3
{[%clk 1:16:26]} exf3 {[%clk 1:11:18]} 13. Bc4+ {[%clk 1:16:04]} Kh7
{[%clk 1:10:49]} 14. Qxf3 {[%clk 1:16:05]} Ne5 {[%clk 1:02:20]} 15. dxe5
{[%clk 1:05:56]} Qxd2 {[%clk 1:02:37]} 16. Bf7 {[%clk 1:06:02]} Rf8
{[%clk 1:00:09]} 17. e6 {[%clk 1:05:23]} Qd6 {[%clk 1:00:10]} 18. Rad1
{[%clk 1:04:33]} Qc5 {[%clk 0:49:44]} 19. Qg3 {[%clk 1:01:20]} Rxf7
{[%clk 0:44:48]} 20. exf7 {[%clk 1:01:37]} Be6 {[%clk 0:44:45]} 21. Qf3
{[%clk 0:57:52]} c6 {[%clk 0:39:57]} 22. b4 {[%clk 0:46:38]} Qe5 {[%clk 0:36:02]}
23. Qf4 {[%clk 0:43:07]} g5 {[%clk 0:28:09]} 24. Qxe5 {[%clk 0:34:44]} Bxe5
{[%clk 0:28:33]} 25. Be1 {[%clk 0:35:11]} Kg6 {[%clk 0:23:43]} 26. g4
{[%clk 0:33:30]} Rf8 {[%clk 0:23:12]} 27. gxf5+ {[%clk 0:29:52]} Bxf5
{[%clk 0:23:35]} 28. e4 {[%clk 0:30:03]} Bxe4 {[%clk 0:19:29]} 29. Rd7
{[%clk 0:29:57]} Bf4 {[%clk 0:12:41]} 30. Rxe7 {[%clk 0:27:23]} Bd5
{[%clk 0:12:38]} 31. Rxb7 {[%clk 0:20:21]} Bc4 {[%clk 0:11:30]} 32. Rf3
{[%clk 0:10:18]} Be2 {[%clk 0:11:52]} 33. Rxf4 {[%clk 0:10:43]} gxf4
{[%clk 0:12:18]} 34. Rxa7 {[%clk 0:11:09]} Rxf7 {[%clk 0:10:08]} 35. Rxf7
{[%clk 0:11:19]} Kxf7 {[%clk 0:10:34]} 36. Bd2 {[%clk 0:11:46]} Ke6
{[%clk 0:08:06]} 37. Bxf4 {[%clk 0:10:41]} h5 {[%clk 0:08:31]} 38. a4
{[%clk 0:10:13]} Kd5 {[%clk 0:05:47]} 39. Kf2 {[%clk 0:10:32]} Bd3
{[%clk 0:02:28]} 40. Kg3 {[%clk 0:39:16]} Kc4 {[%clk 0:30:59]} 41. Be5
{[%clk 0:35:14]} Be2 {[%clk 0:29:18]} 42. Kf4 {[%clk 0:34:10]} Bd1
{[%clk 0:29:24]} 43. Kg5 {[%clk 0:32:27]} Be2 {[%clk 0:29:30]} 44. Bd4
{[%clk 0:32:19]} Bg4 {[%clk 0:28:06]} 45. h4 {[%clk 0:26:26]} Be2
{[%clk 0:26:34]} 46. Kf6 {[%clk 0:24:53]} Bd1 {[%clk 0:22:08]} 47. a5
{[%clk 0:22:25]} Kb5 {[%clk 0:22:19]} 48. Bc5 {[%clk 0:18:15]} Bb3
{[%clk 0:15:49]} 49. Ke5 {[%clk 0:17:39]} Bf7 {[%clk 0:11:37]} 50. Kd6
{[%clk 0:17:05]} Bd5 {[%clk 0:11:35]} 51. Kc7 {[%clk 0:16:32]} Ka6
{[%clk 0:11:55]} 52. Bb6 {[%clk 0:16:53]} Be4 {[%clk 0:10:56]} 53. Be3
{[%clk 0:15:38]} Bd5 {[%clk 0:09:20]} 54. Bd2 {[%clk 0:14:33]} Be4
{[%clk 0:03:52]} 55. c4 {[%clk 0:14:36]} Bd3 {[%clk 0:03:05]} 56. b5+
{[%clk 0:14:47]} cxb5 {[%clk 0:03:30]} 57. c5 {[%clk 0:15:14]} b4
{[%clk 0:03:22]} 58. Bxb4 {[%clk 0:04:49]} Kb5 {[%clk 0:03:43]} 59. Kb7
{[%clk 0:04:06]} Kxb4 {[%clk 0:02:15]} 60. Kb6 {[%clk 0:04:22]} Bb5
{[%clk 0:02:35]} 61. c6 {[%clk 0:03:59]} Bxc6 {[%clk 0:02:51]} 62. Kxc6
{[%clk 0:04:25]} Kxa5 {[%clk 0:03:17]} 63. Kd5 {[%clk 0:04:52]} Kb5
{[%clk 0:03:34]} 64. Ke5 {[%clk 0:05:18]} Kc5 {[%clk 0:03:59]} 65. Kf5
{[%clk 0:05:45]} Kd6 {[%clk 0:04:17]} 66. Kf6 {[%clk 0:06:07]} Kd7
{[%clk 0:04:09]} 67. Kg5 {[%clk 0:06:36]} Ke7 {[%clk 0:04:33]} 68. Kxh5
{[%clk 0:07:03]} Kf7 {[%clk 0:04:58]} 69. Kh6 {[%clk 0:07:27]} Kg8
{[%clk 0:05:25]} 70. Kg6 {[%clk 0:07:54]} Kh8 {[%clk 0:05:49]} 71. h5
{[%clk 0:08:21]} Kg8 {[%clk 0:06:15]} 72. h6 {[%clk 0:08:48]} Kh8
{[%clk 0:06:42]} 73. h7 {[%clk 0:09:16]} 1/2-1/2

[Event "EYTCC-G"]
[Site "?"]
[Date "2017.08.23"]
[Round "7.4"]
[White "Urh, Zala"]
[Black "Hrescak, Ivana"]
[Result "1-0"]
[BlackElo "2022"]
[WhiteElo "2100"]
[LiveChessVersion "1.4.6"]

1. d4 {[%clk 1:30:50]} g6 {[%clk 1:30:51]} 2. c4 {[%clk 1:30:36]} Bg7
{[%clk 1:31:15]} 3. Nf3 {[%clk 1:30:32]} d6 {[%clk 1:29:05]} 4. Nc3
{[%clk 1:29:51]} Bg4 {[%clk 1:25:38]} 5. e3 {[%clk 1:27:07]} c5 {[%clk 1:19:15]}
6. Be2 {[%clk 1:23:35]} Nc6 {[%clk 1:11:48]} 7. d5 {[%clk 1:23:04]} Bxf3
{[%clk 1:09:27]} 8. Bxf3 {[%clk 1:21:45]} Ne5 {[%clk 1:07:53]} 9. Be2
{[%clk 1:21:48]} Nf6 {[%clk 1:04:46]} 10. O-O {[%clk 1:19:22]} O-O
{[%clk 1:04:02]} 11. e4 {[%clk 1:15:39]} a6 {[%clk 1:00:13]} 12. a4
{[%clk 1:14:49]} b6 {[%clk 0:57:34]} 13. f4 {[%clk 1:10:25]} Ned7
{[%clk 0:57:47]} 14. Be3 {[%clk 1:10:42]} Ne8 {[%clk 0:53:14]} 15. Bf2
{[%clk 1:08:39]} e6 {[%clk 0:48:20]} 16. dxe6 {[%clk 0:58:07]} fxe6
{[%clk 0:48:43]} 17. Bg4 {[%clk 0:57:22]} Qe7 {[%clk 0:44:03]} 18. Qd2
{[%clk 0:56:33]} Nb8 {[%clk 0:37:59]} 19. f5 {[%clk 0:49:42]} h5 {[%clk 0:20:56]}
20. Bf3 {[%clk 0:47:26]} Ra7 {[%clk 0:20:12]} 21. fxg6 {[%clk 0:44:11]} h4
{[%clk 0:18:57]} 22. Nd5 {[%clk 0:39:46]} Qd8 {[%clk 0:17:52]} 23. Bg4
{[%clk 0:38:28]} e5 {[%clk 0:10:28]} 24. Qe2 {[%clk 0:33:15]} Bh6
{[%clk 0:06:22]} 25. Be6+ {[%clk 0:30:21]} Kg7 {[%clk 0:04:12]} 26. Qh5
{[%clk 0:30:25]} Nf6 {[%clk 0:01:16]} 27. Qxh4 {[%clk 0:28:28]} Nxd5
{[%clk 0:01:20]} 28. cxd5 {[%clk 0:27:31]} Qxh4 {[%clk 0:00:53]} 29. Bxh4
{[%clk 0:27:59]} Kxg6 {[%clk 0:00:36]} 30. Rxf8 {[%clk 0:26:24]} Bxf8
{[%clk 0:01:05]} 31. Rf1 {[%clk 0:26:53]} Bh6 {[%clk 0:00:48]} 32. Rf6+
{[%clk 0:26:19]} Kg7 {[%clk 0:01:17]} 33. Kf2 {[%clk 0:25:30]} b5
{[%clk 0:00:49]} 34. Kf3 {[%clk 0:22:38]} bxa4 {[%clk 0:00:39]} 35. Kg4
{[%clk 0:22:50]} Bc1 {[%clk 0:00:33]} 36. Kh5 {[%clk 0:22:41]} Rb7
{[%clk 0:00:34]} 37. Rg6+ {[%clk 0:23:02]} Kh8 {[%clk 0:00:32]} 38. Bf6+
{[%clk 0:23:24]} 1-0

[Event "EYTCC-G"]
[Site "?"]
[Date "2017.08.23"]
[Round "7.5"]
[White "Sliwicka, Alicja"]
[Black "Martynkova, Olena"]
[Result "0-1"]
[BlackElo "2179"]
[WhiteElo "2204"]
[LiveChessVersion "1.4.6"]

1. e4 {[%clk 1:30:56]} c5 {[%clk 1:30:47]} 2. Nf3 {[%clk 1:31:19]} e6
{[%clk 1:31:03]} 3. d4 {[%clk 1:31:43]} cxd4 {[%clk 1:31:19]} 4. Nxd4
{[%clk 1:32:07]} Nc6 {[%clk 1:31:31]} 5. Nc3 {[%clk 1:32:31]} Qc7
{[%clk 1:31:37]} 6. Nb3 {[%clk 1:32:55]} a6 {[%clk 1:31:14]} 7. Bd3
{[%clk 1:33:16]} b5 {[%clk 1:24:38]} 8. O-O {[%clk 1:32:46]} Nf6 {[%clk 1:23:40]}
9. f4 {[%clk 1:33:02]} d6 {[%clk 1:20:46]} 10. Qf3 {[%clk 1:33:23]} Bb7
{[%clk 1:17:49]} 11. Bd2 {[%clk 1:33:28]} Be7 {[%clk 1:16:09]} 12. Rae1
{[%clk 1:33:49]} O-O {[%clk 1:07:12]} 13. Qh3 {[%clk 1:34:14]} g6
{[%clk 0:55:09]} 14. f5 {[%clk 1:33:10]} exf5 {[%clk 0:52:48]} 15. exf5
{[%clk 1:29:53]} Ne5 {[%clk 0:49:02]} 16. Bh6 {[%clk 1:24:37]} Rfe8
{[%clk 0:44:23]} 17. Bg5 {[%clk 1:17:41]} Nfg4 {[%clk 0:34:38]} 18. f6
{[%clk 1:08:29]} Qb6+ {[%clk 0:28:32]} 19. Be3 {[%clk 1:03:27]} Nxe3
{[%clk 0:28:17]} 20. Qxe3 {[%clk 1:03:47]} Qxe3+ {[%clk 0:27:10]} 21. Rxe3
{[%clk 1:04:07]} Bd8 {[%clk 0:27:10]} 22. Kh1 {[%clk 0:59:59]} Bb6
{[%clk 0:26:57]} 23. Rg3 {[%clk 0:58:35]} Nc4 {[%clk 0:21:07]} 24. Nd1
{[%clk 0:51:09]} Re5 {[%clk 0:17:58]} 25. Rg4 {[%clk 0:41:44]} Rae8
{[%clk 0:15:10]} 26. h3 {[%clk 0:39:14]} Rh5 {[%clk 0:07:45]} 27. Kh2
{[%clk 0:37:37]} Ne5 {[%clk 0:07:29]} 28. Rg3 {[%clk 0:35:42]} Nxd3
{[%clk 0:06:38]} 29. Rxd3 {[%clk 0:32:48]} Re2 {[%clk 0:06:09]} 30. Rd2
{[%clk 0:32:40]} Rxh3+ {[%clk 0:04:49]} 31. Kxh3 {[%clk 0:33:00]} Bxg2+
{[%clk 0:05:16]} 32. Kg3 {[%clk 0:25:01]} Bxf1 {[%clk 0:05:38]} 33. Nc3
{[%clk 0:24:39]} Rxd2 {[%clk 0:03:11]} 34. Nxd2 {[%clk 0:25:02]} Bc4
{[%clk 0:03:27]} 35. Nxc4 {[%clk 0:21:29]} bxc4 {[%clk 0:03:55]} 36. Nd5
{[%clk 0:21:49]} Bd4 {[%clk 0:03:11]} 37. c3 {[%clk 0:21:43]} Be5+
{[%clk 0:03:36]} 38. Kg4 {[%clk 0:21:43]} h6 {[%clk 0:03:11]} 39. b4
{[%clk 0:19:49]} cxb3 {[%clk 0:03:16]} 40. axb3 {[%clk 0:50:15]} Kf8
{[%clk 0:33:16]} 41. b4 {[%clk 0:49:16]} Ke8 {[%clk 0:31:38]} 42. c4
{[%clk 0:46:24]} Kd7 {[%clk 0:29:51]} 43. Kh4 {[%clk 0:44:26]} Ke6
{[%clk 0:28:28]} 44. Nc7+ {[%clk 0:44:06]} Kxf6 {[%clk 0:28:42]} 45. Nxa6
{[%clk 0:42:31]} Kf5 {[%clk 0:24:15]} 46. b5 {[%clk 0:40:19]} Bd4
{[%clk 0:24:20]} 47. Nb4 {[%clk 0:37:33]} Ke4 {[%clk 0:21:57]} 48. Nc6
{[%clk 0:36:13]} Bc5 {[%clk 0:20:04]} 49. Nd8 {[%clk 0:32:25]} d5
{[%clk 0:16:17]} 50. Nb7 {[%clk 0:28:28]} Be7+ {[%clk 0:15:58]} 51. Kh3
{[%clk 0:27:50]} dxc4 {[%clk 0:16:04]} 0-1